MARC details
| 000 -LEADER |
| fixed length control field |
02279cam a2200613 a 4500 |
| 001 - CONTROL NUMBER |
| control field |
20205 |
| 003 - CONTROL NUMBER IDENTIFIER |
| control field |
VRT |
| 005 - DATE AND TIME OF LATEST TRANSACTION |
| control field |
20260119121555.0 |
| 008 - FIXED-LENGTH DATA ELEMENTS--GENERAL INFORMATION |
| fixed length control field |
240226s1980 xo oa grn 001 0 slo |
| 015 ## - NATIONAL BIBLIOGRAPHY NUMBER |
| National bibliography number |
SNBA1980 |
| 020 ## - INTERNATIONAL STANDARD BOOK NUMBER |
| Qualifying information |
(viazané) |
| 035 ## - SYSTEM CONTROL NUMBER |
| System control number |
SNK000052715 |
| 035 ## - SYSTEM CONTROL NUMBER |
| System control number |
A7FC8CAA-13B1-44BB-8E24-D3F0235A213A |
| 035 ## - SYSTEM CONTROL NUMBER |
| System control number |
urn:nbn:sk:snk-am00iiet |
| 039 #9 - LEVEL OF BIBLIOGRAPHIC CONTROL AND CODING DETAIL [OBSOLETE] |
| Level of rules in bibliographic description |
202402261456 |
| Level of effort used to assign nonsubject heading access points |
VLOAD |
| Level of effort used to assign subject headings |
202305011819 |
| Level of effort used to assign classification |
VLOAD |
| Level of effort used to assign subject headings |
202304281420 |
| Level of effort used to assign classification |
VLOAD |
| Level of effort used to assign subject headings |
202304281055 |
| Level of effort used to assign classification |
VLOAD |
| 040 ## - CATALOGING SOURCE |
| Original cataloging agency |
SNK |
| Language of cataloging |
slo |
| Transcribing agency |
SNK |
| Description conventions |
AACR2 |
| 041 1# - LANGUAGE CODE |
| Language code of text/sound track or separate title |
slo |
| Language code of original |
cze |
| 044 ## - COUNTRY OF PUBLISHING/PRODUCING ENTITY CODE |
| MARC country code |
xo |
| ISO country code |
SK |
| 072 #7 - SUBJECT CATEGORY CODE |
| Subject category code |
635 |
| Subject category code subdivision |
Záhradkárstvo |
| Source |
konspekt |
| 080 ## - UNIVERSAL DECIMAL CLASSIFICATION NUMBER |
| Universal Decimal Classification number |
635.966.2:712.42(035.3) |
| Edition identifier |
1981 |
| 080 ## - UNIVERSAL DECIMAL CLASSIFICATION NUMBER |
| Universal Decimal Classification number |
712.42(035.3) |
| Edition identifier |
1981 |
| 080 ## - UNIVERSAL DECIMAL CLASSIFICATION NUMBER |
| Universal Decimal Classification number |
712.42 |
| Edition identifier |
1981 |
| 080 ## - UNIVERSAL DECIMAL CLASSIFICATION NUMBER |
| Universal Decimal Classification number |
635.966.2(035.5) |
| Edition identifier |
1981 |
| 080 ## - UNIVERSAL DECIMAL CLASSIFICATION NUMBER |
| Universal Decimal Classification number |
635.923 |
| Edition identifier |
2011 |
| 080 ## - UNIVERSAL DECIMAL CLASSIFICATION NUMBER |
| Universal Decimal Classification number |
635.9 |
| Edition identifier |
2011 |
| 080 ## - UNIVERSAL DECIMAL CLASSIFICATION NUMBER |
| Universal Decimal Classification number |
635.9.018 |
| Edition identifier |
2011 |
| 080 ## - UNIVERSAL DECIMAL CLASSIFICATION NUMBER |
| Universal Decimal Classification number |
(048.8) |
| Edition identifier |
2011 |
| 100 1# - MAIN ENTRY--PERSONAL NAME |
| Personal name |
Čejka, Gustáv, |
| Dates associated with a name |
1914-1999 |
| Relationship |
aut |
| 245 10 - TITLE STATEMENT |
| Title |
Skalka, zakladanie a ošetrovanie |
| Statement of responsibility, etc. |
G. Čejka, V. Vaněk ; [časť od kapitoly Miniskalky preložila z českého originálu Eva Braunová] |
| 250 ## - EDITION STATEMENT |
| Edition statement |
1. vyd. |
| 260 ## - PUBLICATION, DISTRIBUTION, ETC. |
| Place of publication, distribution, etc. |
Bratislava |
| Name of publisher, distributor, etc. |
Príroda |
| Date of publication, distribution, etc. |
1980 |
| Place of manufacture |
Bratislava |
| Manufacturer |
Polygrafické závody |
| 300 ## - PHYSICAL DESCRIPTION |
| Extent |
285 strán |
| Other physical details |
fotografie (niektoré farebné), ilustrácie |
| Dimensions |
25 cm |
| 366 ## - TRADE AVAILABILITY INFORMATION |
| Note |
27000 výtl. |
| 490 1# - SERIES STATEMENT |
| Series statement |
Rastlinná výroba. Knižnica záhradkára |
| 500 ## - GENERAL NOTE |
| General note |
Rozložená titulná strana |
| 504 ## - BIBLIOGRAPHY, ETC. NOTE |
| Bibliography, etc. note |
Bibliografia na strane 237. Latinský a slovenský register |
| 650 07 - SUBJECT ADDED ENTRY--TOPICAL TERM |
| Topical term or geographic name entry element |
okrasné rastliny |
| Source of heading or term |
SNKPH |
| 650 07 - SUBJECT ADDED ENTRY--TOPICAL TERM |
| Topical term or geographic name entry element |
pestovanie okrasných rastlín |
| Source of heading or term |
SNKPH |
| 650 07 - SUBJECT ADDED ENTRY--TOPICAL TERM |
| Topical term or geographic name entry element |
skalky |
| Source of heading or term |
SNKPH |
| 655 #7 - INDEX TERM--GENRE/FORM |
| Genre/form data or focus term |
monografie |
| Source of term |
SNKPH |
| 700 1# - ADDED ENTRY--PERSONAL NAME |
| Personal name |
Vaněk, Vlastimil, |
| Dates associated with a name |
1918-1999 |
| Relationship |
aut |
| 700 1# - ADDED ENTRY--PERSONAL NAME |
| Personal name |
Braunová, Eva, |
| Dates associated with a name |
1946- |
| Relationship |
trl |
| 830 #0 - SERIES ADDED ENTRY--UNIFORM TITLE |
| Uniform title |
Rastlinná výroba |
| Name of part/section of a work |
Knižnica záhradkára |
| 910 ## - USER-OPTION DATA (OCLC) |
| User-option data |
snk |
| 942 ## - ADDED ENTRY ELEMENTS (KOHA) |
| Source of classification or shelving scheme |
Dewey Decimal Classification |
| Koha item type |
Odborná literatúra pre dospelých |
| Suppress in OPAC |
No |
| 949 ## - LOCAL PROCESSING INFORMATION (OCLC) |
| 6 |
17A0102882 |
| a |
snkSC 49474 D1 |
| 949 ## - LOCAL PROCESSING INFORMATION (OCLC) |
| 6 |
273K0137075 |
| a |
svkpoB 46804 |
| b |
svkpo271809 |
| 949 ## - LOCAL PROCESSING INFORMATION (OCLC) |
| 6 |
17A0825883 |
| a |
snkSC 49474 |
| b |
snkKSP 4971/80 |
| s |
6100:20220527 |
| 949 ## - LOCAL PROCESSING INFORMATION (OCLC) |
| 6 |
270001000076929 |
| a |
svkbbB 6894 |
| b |
svkbbm 376634 |
| p |
376.634 |
| 949 ## - LOCAL PROCESSING INFORMATION (OCLC) |
| 6 |
270001000076930 |
| a |
svkbbB 6894 |
| b |
svkbbm 376633 |
| p |
376.633 |
| 949 ## - LOCAL PROCESSING INFORMATION (OCLC) |
| 6 |
270001000171629 |
| a |
svkbbB 6894 |
| b |
svkbbm 372917 |
| p |
372.917 |
| 949 ## - LOCAL PROCESSING INFORMATION (OCLC) |
| 6 |
4710708583 |
| a |
strmkH 635 |
| b |
strmk2008/8583 |